| 000 | 00886nam a22003490a 4500 | ||
|---|---|---|---|
| 001 | PT32360 | ||
| 003 | AR-LpoUNG | ||
| 005 | 20210131225937.0 | ||
| 008 | 191001s2008||||ag |||||||||||||||||spa d | ||
| 020 |
_a9789876290623 _c$9.75 |
||
| 040 |
_aAR-LpoUNG _bspa _cAR-LpoUNG _eaacr |
||
| 041 | _aspa | ||
| 044 | _aag | ||
| 082 | 0 | _a982.05 113bue | |
| 100 | 1 | _aSábato, Hilda | |
| 245 | 1 | 0 |
_aBuenos Aires en armas : _bla revolución de 1880 |
| 250 | _a1ra ed. | ||
| 260 |
_aBuenos Aires : _bSiglo Veintiuno, _c2008. |
||
| 300 |
_a333 p. : _bfot. |
||
| 650 | 4 | _aANALISIS HISTORICO | |
| 650 | 4 | _aARGENTINA | |
| 650 | 4 | _aASPECTOS POLITICOS | |
| 650 | 4 | _aFUERZAS ARMADAS | |
| 650 | 4 | _aGUERRA CIVIL | |
| 650 | 4 | _aHISTORIA POLITICA | |
| 650 | 4 | _aPOLITICA NACIONAL | |
| 650 | 4 | _aREVOLUCION | |
| 650 | 4 | _aVIOLENCIA | |
| 651 | 4 | _aArgentina | |
| 905 | _a32360 | ||
| 942 | _cLSALA | ||
| 999 |
_c631 _d631 |
||